[Event "26. Erfurter Schachfestival 2016 - MT"]
[Site "Erfurt"]
[Date "2016.12.27"]
[Round "2.10"]
[White "Thinius, Marco"]
[Black "Haag, Wolfgang"]
[Result "0-1"]
[WhiteElo "2357"]
[BlackElo "2184"]
[PlyCount "80"]
[EventDate "2016.12.26"]
[EventCountry "GER"]

1. Nf3 Nf6 2. c4 g6 3. Nc3 Bg7 4. e4 d6 5. d4 O-O 6. Be2 c6 7. O-O a5 8. Re1
Na6 9. h3 Nd7 10. a3 e5 11. Bg5 Bf6 12. Bh6 Bg7 13. Bxg7 Kxg7 14. b4 Qf6 15.
Qd2 Nc7 16. d5 c5 17. bxa5 Qd8 18. Qb2 Rxa5 19. Nd2 Kg8 20. Nb5 Nxb5 21. cxb5
Nb6 22. Bd1 Bd7 23. a4 Qg5 24. Re3 Rfa8 25. Raa3 Nxa4 26. Bxa4 Rxa4 27. Nc4 Qe7
28. Reb3 Be8 29. Qc3 Qd8 30. b6 R8a6 31. Rxa4 Rxa4 32. Ra3 Rxa3 33. Qxa3 Bb5
34. Qa7 Ba6 35. Na5 Qc8 36. Nc6 Kf8 37. f3 c4 38. Kf2 c3 39. Ke1 c2 40. Kd2
bxc6 0-1

[Event "26. Erfurter Schachfestival 2016 - MT"]
[Site "Erfurt"]
[Date "2016.12.27"]
[Round "2.11"]
[White "Lopez-Rojas, Jeffrey"]
[Black "Osmanodja, Filiz"]
[Result "1-0"]
[WhiteElo "2181"]
[BlackElo "2343"]
[PlyCount "89"]
[EventDate "2016.12.26"]
[EventCountry "GER"]

1. d4 Nf6 2. Nf3 e6 3. g3 b5 4. Bg2 Bb7 5. a4 a6 6. O-O c5 7. Bf4 d5 8. axb5
axb5 9. Rxa8 Bxa8 10. Nc3 Bc6 11. Ne5 Qb6 12. dxc5 Bxc5 13. Qd3 O-O 14. Nxc6
Nxc6 15. Qxb5 Nd4 16. Qd3 Ra8 17. e3 Nc6 18. b3 h6 19. e4 Ng4 20. Nd1 Ra1 21.
exd5 Bxf2+ 22. Kh1 exd5 23. Qe2 h5 24. h3 Rxd1 25. Qe8+ Kh7 26. Rxd1 Nf6 27.
Qxf7 Nd4 28. Bxd5 Ne2 29. Be4+ Nxe4 30. Qxh5+ Qh6 31. Qxh6+ gxh6 32. Kg2 Nxf4+
33. gxf4 Bc5 34. Kf3 Nc3 35. Rd3 Na2 36. c3 Kg6 37. Ke4 Nc1 38. Rg3+ Kf6 39. b4
Ne2 40. Rd3 Nxc3+ 41. Rxc3 Bxb4 42. Rc6+ Kg7 43. Kf5 Be7 44. Rc7 Kf7 45. Rxe7+
1-0

[Event "26. Erfurter Schachfestival 2016 - MT"]
[Site "Erfurt"]
[Date "2016.12.27"]
[Round "2.13"]
[White "Grigorian, Spartak"]
[Black "Pallas, Sebastian"]
[Result "1/2-1/2"]
[WhiteElo "2335"]
[BlackElo "2126"]
[PlyCount "104"]
[EventDate "2016.12.26"]
[EventCountry "GER"]

1. c4 Nf6 2. d4 g6 3. Nc3 d5 4. Nf3 Bg7 5. cxd5 Nxd5 6. e4 Nxc3 7. bxc3 O-O 8.
Rb1 c5 9. Be2 Nc6 10. d5 Na5 11. c4 b6 12. Bb2 Bxb2 13. Rxb2 e5 14. h4 Qf6 15.
Qc1 Bg4 16. Ng5 Bxe2 17. Rxe2 Nb7 18. h5 h6 19. Nf3 g5 20. Qc3 Rfe8 21. Nh2 Qg7
22. Ng4 Nd6 23. a4 f5 24. exf5 Nxf5 25. O-O e4 26. Nf6+ Kh8 27. Qb2 Re7 28. Ng4
Nd4 29. Rd2 Rf8 30. Rb1 Rf4 31. Ne3 g4 32. Nf1 g3 33. fxg3 e3 34. d6 Re5 35. d7
Rf8 36. Rxd4 cxd4 37. Qxd4 Rd8 38. Nxe3 Rxd7 39. Qf4 Rf7 40. Qd4 Rd7 41. Qf4
Rf7 42. Qd4 Rfe7 43. Nf1 Rxh5 44. Qd8+ Kh7 45. Rd1 Rhe5 46. Rd4 Re4 47. Rd2
Rxc4 48. Qd3+ Rce4 49. Nh2 Qa1+ 50. Nf1 Qe5 51. g4 Qc5+ 52. Kh2 Qc4 1/2-1/2

[Event "26. Erfurter Schachfestival 2016 - MT"]
[Site "Erfurt"]
[Date "2016.12.27"]
[Round "2.14"]
[White "Gallien, Fabian"]
[Black "Fries-Nielsen, Jens Ove"]
[Result "0-1"]
[WhiteElo "2132"]
[BlackElo "2333"]
[PlyCount "75"]
[EventDate "2016.12.26"]
[EventCountry "GER"]

1. e4 d5 2. exd5 Qxd5 3. Nc3 Qd8 4. d4 a6 5. Nf3 b5 6. Bd3 Nf6 7. Ne4 Nbd7 8.
Qe2 e6 9. Neg5 Qe7 10. O-O h6 11. Ne4 Nd5 12. a4 b4 13. Ne5 Nxe5 14. dxe5 Bb7
15. c4 bxc3 16. bxc3 Qd7 17. Rb1 Qc6 18. Bd2 Nb6 19. a5 Nd7 20. f4 Nc5 21. Nxc5
Bxc5+ 22. Kh1 Rd8 23. Rf3 O-O 24. Be3 Bxe3 25. Rxe3 Ba8 26. h3 Rb8 27. Rf1 Rb3
28. Rg3 Rxc3 29. Qg4 g6 30. Rff3 Qc5 31. Re3 Rxd3 32. Rxd3 Qxa5 33. Kh2 Be4 34.
Ra3 Qb6 35. Rge3 Bd5 36. Qe2 g5 37. Qc2 Rb8 38. Rec3 0-1

[Event "26. Erfurter Schachfestival 2016 - MT"]
[Site "Erfurt"]
[Date "2016.12.27"]
[Round "2.15"]
[White "Pfreundt, Jakob"]
[Black "Hundack, Rolf"]
[Result "1-0"]
[WhiteElo "2327"]
[BlackElo "2122"]
[PlyCount "97"]
[EventDate "2016.12.26"]
[EventCountry "GER"]

1. d4 Nf6 2. Nf3 g6 3. Bg5 Bg7 4. Nbd2 h6 5. Bh4 c5 6. e3 O-O 7. c3 b6 8. Bd3
cxd4 9. exd4 Bb7 10. O-O d6 11. Re1 Nbd7 12. h3 Re8 13. Bg3 Rc8 14. Qb3 Bd5 15.
Qc2 Nf8 16. a4 N8h7 17. Bb5 Rf8 18. Qd3 Rc7 19. a5 Ng5 20. axb6 axb6 21. Nxg5
hxg5 22. Bc4 Qd7 23. Bxd5 Nxd5 24. Nf3 Bf6 25. Qe4 Qf5 26. Qe2 Nf4 27. Bxf4
gxf4 28. Ra6 Rb8 29. Rea1 Kg7 30. R6a4 e5 31. dxe5 dxe5 32. Re4 Re7 33. Re1
Rbe8 34. Qb5 Re6 35. b4 g5 36. Nd4 Qg6 37. Nxe6+ Rxe6 38. Qe2 Kh7 39. g4 Bg7
40. Kg2 f5 41. gxf5 Qxf5 42. Qg4 Qf7 43. Rh1 Rh6 44. h4 Qd5 45. Qf5+ Kg8 46.
hxg5 Rc6 47. g6 Rxc3 48. Rd1 Rd3 49. Rxd3 1-0

[Event "26. Erfurter Schachfestival 2016 - MT"]
[Site "Erfurt"]
[Date "2016.12.27"]
[Round "3.1"]
[White "Schmitzer, Klaus"]
[Black "Lampert, Jonas"]
[Result "0-1"]
[WhiteElo "2296"]
[BlackElo "2500"]
[PlyCount "60"]
[EventDate "2016.12.26"]
[EventCountry "GER"]

1. e4 e5 2. Nf3 Nc6 3. d4 exd4 4. Nxd4 Bc5 5. Be3 Qf6 6. c3 Nge7 7. Nc2 b6 8.
g3 O-O 9. Bg2 Ba6 10. f4 Rad8 11. Bxc5 bxc5 12. Ne3 d5 13. Qa4 Bd3 14. exd5 Nf5
15. Kd2 Nxe3 16. Kxe3 Qf5 17. Bf3 Ne7 18. c4 Bc2 19. Qa3 Bxb1 20. Raxb1 Qc2 21.
Be4 Nf5+ 22. Bxf5 Rfe8+ 23. Be6 fxe6 24. Kf3 exd5 25. Rhe1 d4 26. Qxc5 d3 27.
Qc6 Re2 28. Qxc7 Rde8 29. Kg4 d2 30. Rxe2 d1=Q 0-1

[Event "26. Erfurter Schachfestival 2016 - MT"]
[Site "Erfurt"]
[Date "2016.12.27"]
[Round "3.2"]
[White "Schmaltz, Roland"]
[Black "Meißner, Felix"]
[Result "1/2-1/2"]
[WhiteElo "2487"]
[BlackElo "2255"]
[PlyCount "103"]
[EventDate "2016.12.26"]
[EventCountry "GER"]

1. e4 c5 2. Nf3 d6 3. d4 cxd4 4. Nxd4 Nf6 5. Nc3 a6 6. Be3 Ng4 7. Bg5 h6 8. Bh4
g5 9. Bg3 Bg7 10. h3 Nf6 11. Qf3 Qb6 12. O-O-O Nc6 13. Nxc6 Qxc6 14. Be2 Nd7
15. Nd5 Ne5 16. Qa3 Rb8 17. h4 g4 18. f4 gxf3 19. gxf3 Be6 20. f4 Rc8 21. c3
Nd7 22. Bf2 Nc5 23. Qb4 Bxd5 24. exd5 Qd7 25. Rhg1 a5 26. Qxa5 Kf8 27. Bg4 f5
28. Bh3 Rg8 29. Qb4 Ra8 30. Bxc5 dxc5 31. Qb3 b5 32. Kb1 Ra4 33. Qc2 Rxf4 34.
Rgf1 Rxf1 35. Rxf1 Bf6 36. Qd2 Ke8 37. Bxf5 Qd6 38. Be6 Rf8 39. Qc2 c4 40. Qg6+
Kd8 41. a3 Kc7 42. Qxh6 Rh8 43. Qe3 Kb7 44. Qg1 Rxh4 45. Qg6 Rh8 46. Qf5 Kc7
47. Qf2 Kb7 48. Rc1 Rh2 49. Qg1 Rh8 50. Qf1 Rh2 51. Rc2 Rxc2 52. Kxc2 1/2-1/2

[Event "26. Erfurter Schachfestival 2016 - MT"]
[Site "Erfurt"]
[Date "2016.12.27"]
[Round "3.3"]
[White "Martinez Penalver, Jose"]
[Black "Carlstedt, Jonathan"]
[Result "0-1"]
[WhiteElo "2252"]
[BlackElo "2412"]
[PlyCount "76"]
[EventDate "2016.12.26"]
[EventCountry "GER"]

1. e4 e5 2. Nf3 Nc6 3. Bb5 a6 4. Ba4 Nf6 5. O-O Bc5 6. c3 b5 7. Bb3 d6 8. d3 h6
9. Nbd2 Bb6 10. h3 g5 11. a4 Rb8 12. axb5 axb5 13. Re1 g4 14. hxg4 Nxg4 15. Re2
Rg8 16. Bd5 Ne7 17. Qb3 Nxd5 18. Qxb5+ Kf8 19. Qxd5 Qf6 20. Nf1 Nxf2 21. Rxf2
Qxf3 22. d4 Qh5 23. Be3 Bb7 24. Qc4 Bxe4 25. dxe5 d5 26. Qb4+ Kg7 27. Qe7 Qg6
28. Bxb6 Rxb6 29. Ne3 Kh8 30. Qxc7 d4 31. cxd4 Rb3 32. Re1 Rxe3 33. Rxe3 Bxg2
34. Qxf7 Qb1+ 35. Rf1 Bxf1+ 36. Kf2 Rg2+ 37. Kf3 Qd1+ 38. Ke4 Qc2+ 0-1

[Event "26. Erfurter Schachfestival 2016 - MT"]
[Site "Erfurt"]
[Date "2016.12.27"]
[Round "3.4"]
[White "Brüdigam, Martin"]
[Black "Vöge, Tobias"]
[Result "1-0"]
[WhiteElo "2412"]
[BlackElo "2250"]
[PlyCount "88"]
[EventDate "2016.12.26"]
[EventCountry "GER"]

1. e4 c5 2. Nf3 Nc6 3. Bb5 g6 4. Bxc6 bxc6 5. O-O Bg7 6. Re1 Nh6 7. c3 O-O 8.
h3 f6 9. d4 cxd4 10. cxd4 Nf7 11. Nc3 Rb8 12. b3 Bb7 13. Bb2 d5 14. exd5 cxd5
15. Na4 Re8 16. Nc5 e5 17. dxe5 fxe5 18. Nxb7 Rxb7 19. Qe2 Rbe7 20. Rad1 e4 21.
Nd4 Ne5 22. Ba3 Rd7 23. Qb5 Nd3 24. Nc6 Qc8 25. Re2 a6 26. Qa4 Rc7 27. Nd4 Nf4
28. Re3 Bf8 29. Ne2 Nxe2+ 30. Rxe2 Bxa3 31. Qxa3 Rd7 32. Red2 Qc6 33. Qb4 Qe6
34. Qd4 Rf8 35. Qe3 Re8 36. Rd4 Qf7 37. Qd2 Qf5 38. Rc1 Kg7 39. Rc6 a5 40. Ra6
Rde7 41. Qe3 Rc7 42. Rxa5 Qe6 43. Rda4 Qf6 44. Rd4 Rd7 1-0

[Event "26. Erfurter Schachfestival 2016 - MT"]
[Site "Erfurt"]
[Date "2016.12.27"]
[Round "3.5"]
[White "Polster, Christian"]
[Black "Hendriks, Willy"]
[Result "1-0"]
[WhiteElo "2242"]
[BlackElo "2396"]
[PlyCount "75"]
[EventDate "2016.12.26"]
[EventCountry "GER"]

1. e4 c5 2. Nf3 e6 3. d4 cxd4 4. Nxd4 a6 5. Nc3 Qc7 6. Be3 Nf6 7. Bd3 b5 8. O-O
Bb7 9. a3 d6 10. f4 Nbd7 11. Qf3 Be7 12. Rae1 Nc5 13. Kh1 g6 14. Bg1 O-O 15.
Qh3 Rae8 16. Nf3 Nh5 17. Be3 f5 18. exf5 exf5 19. Nd4 Nxd3 20. cxd3 Qd7 21. Bd2
Bd8 22. Nc2 Nf6 23. Qg3 Qf7 24. Nd4 Nd7 25. Nf3 Nc5 26. Ng5 Qd7 27. d4 Nb3 28.
Qd3 h6 29. Nf3 Bf6 30. Nb1 Bd5 31. Rxe8 Rxe8 32. Re1 Rxe1+ 33. Bxe1 Qe6 34. Bc3
Qe4 35. Qd1 Qxf4 36. Nbd2 Nxd2 37. Bxd2 Bxf3 38. Qb3+ 1-0

[Event "26. Erfurter Schachfestival 2016 - MT"]
[Site "Erfurt"]
[Date "2016.12.27"]
[Round "3.6"]
[White "Wöllermann, Jan"]
[Black "Haasler, Andreas"]
[Result "1-0"]
[WhiteElo "2388"]
[BlackElo "2202"]
[PlyCount "119"]
[EventDate "2016.12.26"]
[EventCountry "GER"]

1. d4 d5 2. c4 e6 3. Nf3 a6 4. Bg5 Nf6 5. e3 h6 6. Bh4 Be7 7. Nc3 O-O 8. Bd3
dxc4 9. Bxc4 b5 10. Bd3 Nbd7 11. Qe2 c5 12. Rc1 Bb7 13. O-O Rc8 14. Bb1 Re8 15.
Rfd1 Qa5 16. a3 b4 17. axb4 cxb4 18. Na2 Bd5 19. Rxc8 Rxc8 20. Nc1 Bc4 21. Qc2
Qd8 22. Ne5 Bb5 23. Qb3 Qe8 24. Nxd7 Qxd7 25. Re1 a5 26. Qd1 Bc6 27. Nd3 Ba8
28. Ne5 Qe8 29. Bc2 Ne4 30. Bxe7 Qxe7 31. f3 Nf6 32. Qd3 Qc7 33. Ba4 Qb6 34.
Ra1 Bb7 35. Bb3 Qc7 36. h3 Bd5 37. Bd1 Ne8 38. e4 Bc4 39. Nxc4 Qxc4 40. Be2
Qxd3 41. Bxd3 Ra8 42. Kf2 Kf8 43. Ke3 a4 44. Bc2 a3 45. bxa3 Rxa3+ 46. Rxa3
bxa3 47. Bb1 f6 48. Kd3 e5 49. d5 Ke7 50. Kc4 Kd6 51. Kb4 g5 52. Kxa3 Kc5 53.
Kb3 Kd4 54. Kb4 Nd6 55. Ka5 Kc5 56. Bd3 h5 57. Ka6 h4 58. Ka7 Kd4 59. Bb1 Kc3
60. Kb8 1-0

[Event "26. Erfurter Schachfestival 2016 - MT"]
[Site "Erfurt"]
[Date "2016.12.27"]
[Round "3.7"]
[White "Schmidek, Emil"]
[Black "Berchtenbreiter, Maximilian"]
[Result "1-0"]
[WhiteElo "2225"]
[BlackElo "2384"]
[PlyCount "59"]
[EventDate "2016.12.26"]
[EventCountry "GER"]

1. e4 c6 2. d4 g6 3. Nc3 d5 4. e5 h5 5. f4 Nh6 6. Nf3 Bf5 7. Be3 e6 8. Bd3 Be7
9. Bxf5 Nxf5 10. Bf2 Nd7 11. O-O g5 12. fxg5 Bxg5 13. Qd3 Nf8 14. Ne2 Rg8 15.
Ng3 Nxg3 16. Bxg3 h4 17. Bf2 Ng6 18. Be3 Be7 19. h3 Qb6 20. Nh2 c5 21. Ng4 cxd4
22. Bxd4 Bc5 23. Nf6+ Ke7 24. Nxg8+ Rxg8 25. Bxc5+ Qxc5+ 26. Kh1 Nxe5 27. Qh7
Kf8 28. Rae1 Qb5 29. a4 Qa6 30. Rf4 1-0

[Event "26. Erfurter Schachfestival 2016 - MT"]
[Site "Erfurt"]
[Date "2016.12.27"]
[Round "3.8"]
[White "Fries-Nielsen, Jens Ove"]
[Black "Lopez-Rojas, Jeffrey"]
[Result "1/2-1/2"]
[WhiteElo "2333"]
[BlackElo "2181"]
[PlyCount "80"]
[EventDate "2016.12.26"]
[EventCountry "GER"]

1. Nf3 Nf6 2. d4 g6 3. g3 Bg7 4. Bg2 d5 5. O-O O-O 6. Be3 c6 7. Qc1 Bf5 8. Na3
Re8 9. Bh6 Bh8 10. Nh4 Qc8 11. Nxf5 Qxf5 12. f3 e5 13. e4 dxe4 14. fxe4 Qh5 15.
Bg5 Nbd7 16. d5 cxd5 17. exd5 e4 18. Qf4 Rf8 19. Rad1 Rae8 20. h3 Re5 21. Bxf6
Bxf6 22. Nc4 Bg5 23. Qg4 Qxg4 24. hxg4 Re7 25. Rfe1 Nf6 26. d6 Re6 27. a4 b6
28. Rd4 Rfe8 29. Re2 Kf8 30. b4 Nxg4 31. Rexe4 Rxe4 32. Rxe4 Rxe4 33. Bxe4 Ke8
34. Bc6+ Kd8 35. a5 bxa5 36. Nxa5 Ne5 37. c4 Bd2 38. Nb7+ Kc8 39. b5 Nd7 40.
Bxd7+ Kxb7 1/2-1/2

[Event "26. Erfurter Schachfestival 2016 - MT"]
[Site "Erfurt"]
[Date "2016.12.27"]
[Round "3.9"]
[White "Haag, Wolfgang"]
[Black "Pfreundt, Jakob"]
[Result "1/2-1/2"]
[WhiteElo "2184"]
[BlackElo "2327"]
[PlyCount "45"]
[EventDate "2016.12.26"]
[EventCountry "GER"]

1. d4 Nf6 2. Nf3 e6 3. c4 d5 4. Nc3 Be7 5. Bg5 Nbd7 6. e3 h6 7. Bh4 O-O 8. Rc1
c5 9. cxd5 Nxd5 10. Bxe7 Nxe7 11. Be2 b6 12. O-O Bb7 13. Qa4 Nf5 14. Rfd1 cxd4
15. Nxd4 Nc5 16. Qa3 Nxd4 17. Rxd4 Qg5 18. Bf1 Rfd8 19. Rcd1 Rxd4 20. Rxd4 e5
21. Rd2 Ne6 22. Rd7 Nc5 23. Rd2 1/2-1/2

[Event "26. Erfurter Schachfestival 2016 - MT"]
[Site "Erfurt"]
[Date "2016.12.27"]
[Round "3.10"]
[White "Schuette, Marc"]
[Black "Glantz, Robert"]
[Result "1/2-1/2"]
[WhiteElo "2108"]
[BlackElo "2314"]
[PlyCount "48"]
[EventDate "2016.12.26"]
[EventCountry "GER"]

1. e4 c5 2. c3 Nf6 3. e5 Nd5 4. Bc4 Nb6 5. Bb3 c4 6. Bc2 Nc6 7. Nf3 Qc7 8. O-O
Nxe5 9. Nxe5 Qxe5 10. Re1 Qc7 11. a4 e6 12. d4 cxd3 13. Qxd3 Be7 14. a5 Nd5 15.
Ra4 d6 16. Rg4 g6 17. b4 Bd7 18. Bh6 Rc8 19. Bb3 Nf6 20. Rc4 Qb8 21. Rd4 Rg8
22. Bg5 Qc7 23. Rc4 Qb8 24. Rd4 Qc7 1/2-1/2

[Event "26. Erfurter Schachfestival 2016 - MT"]
[Site "Erfurt"]
[Date "2016.12.27"]
[Round "3.12"]
[White "Enders, Peter"]
[Black "Sauer, Marko"]
[Result "1-0"]
[WhiteElo "2446"]
[BlackElo "2137"]
[PlyCount "57"]
[EventDate "2016.12.26"]
[EventCountry "GER"]

1. b3 d5 2. Bb2 Nf6 3. g3 c6 4. Bg2 Bf5 5. Nf3 Nbd7 6. O-O e6 7. d3 Qc7 8. Nbd2
Bc5 9. c4 O-O 10. Rc1 Qb6 11. cxd5 exd5 12. e4 dxe4 13. dxe4 Bg4 14. Qc2 Be7
15. Nc4 Qc7 16. Ne3 Rfe8 17. Nd4 Bf8 18. f4 Nc5 19. e5 Bc8 20. exf6 Rxe3 21.
fxg7 Bd6 22. Rce1 Rxe1 23. Rxe1 Bd7 24. Kh1 Rd8 25. h3 Na6 26. Be4 f6 27. Bxh7+
Kxg7 28. Qg6+ Kh8 29. Ne6 1-0

[Event "26. Erfurter Schachfestival 2016 - MT"]
[Site "Erfurt"]
[Date "2016.12.27"]
[Round "3.13"]
[White "Pons Carreras, David"]
[Black "Wallgren, Ulf"]
[Result "1-0"]
[WhiteElo "2335"]
[BlackElo "2123"]
[PlyCount "115"]
[EventDate "2016.12.26"]
[EventCountry "GER"]

1. Nf3 d6 2. d4 f5 3. g3 Nf6 4. Bg2 g6 5. O-O Bg7 6. b3 O-O 7. Bb2 c6 8. c4 Na6
9. Nc3 Ne4 10. Qc2 Nxc3 11. Bxc3 Nc7 12. e3 Kh8 13. Qb2 d5 14. Ne5 Be6 15. Rad1
Bg8 16. Rfe1 e6 17. Qa3 Rf6 18. Bb4 Bf8 19. Qa5 Na6 20. Qxd8 Rxd8 21. Bxf8
Rfxf8 22. c5 Nb8 23. b4 Nd7 24. Nd3 Bf7 25. f4 Ra8 26. Rb1 a6 27. Bf1 Kg7 28.
a4 Rfb8 29. Rec1 Be8 30. Rb2 Kf8 31. Be2 Ke7 32. h3 Nf6 33. Ne5 Nd7 34. Nf3 Nf6
35. Bd3 Bd7 36. Ne5 Be8 37. g4 Nd7 38. Nf3 Nf6 39. g5 Nd7 40. Kf2 Kd8 41. h4
Kc7 42. Be2 Bf7 43. Ne1 Rh8 44. Rcb1 Rhb8 45. Nf3 Rh8 46. b5 axb5 47. axb5 Rhb8
48. Ne1 Be8 49. Nc2 Nf8 50. bxc6 Bxc6 51. Nb4 Nd7 52. h5 Ra5 53. hxg6 hxg6 54.
Nxc6 bxc6 55. Rxb8 Nxb8 56. Rh1 Nd7 57. Rh8 Ra1 58. Re8 1-0

[Event "26. Erfurter Schachfestival 2016 - MT"]
[Site "Erfurt"]
[Date "2016.12.27"]
[Round "3.14"]
[White "Schulte, Jürgen"]
[Black "Grigorian, Spartak"]
[Result "1/2-1/2"]
[WhiteElo "2157"]
[BlackElo "2335"]
[PlyCount "39"]
[EventDate "2016.12.26"]
[EventCountry "GER"]

1. d4 Nf6 2. c4 e6 3. Nc3 Bb4 4. Qc2 b6 5. Nf3 Bb7 6. e3 O-O 7. Bd3 c5 8. dxc5
bxc5 9. Bd2 d5 10. a3 Ba5 11. cxd5 exd5 12. O-O Bxc3 13. bxc3 Nbd7 14. Be2 Re8
15. Rfd1 Qc7 16. Bc1 Re7 17. c4 d4 18. exd4 Be4 19. Qd2 Rae8 20. Bb2 1/2-1/2

[Event "26. Erfurter Schachfestival 2016 - MT"]
[Site "Erfurt"]
[Date "2016.12.27"]
[Round "3.15"]
[White "Lubbe, Melanie"]
[Black "Kirschbaum, Gunnar"]
[Result "1-0"]
[WhiteElo "2295"]
[BlackElo "2135"]
[PlyCount "113"]
[EventDate "2016.12.26"]
[EventCountry "GER"]

1. e4 e5 2. Nf3 d6 3. d4 Nf6 4. Nc3 Nbd7 5. Bc4 Be7 6. O-O O-O 7. Re1 c6 8. a4
a5 9. h3 exd4 10. Nxd4 Nc5 11. Ba2 Re8 12. Qf3 Be6 13. Nxe6 Nxe6 14. Be3 Nd7
15. Rad1 Ne5 16. Qe2 Qc7 17. f4 Nd7 18. Qf3 Nec5 19. Re2 Bf6 20. Bd4 Qb6 21.
Kh2 Qxb2 22. Bxf6 Nxf6 23. e5 dxe5 24. fxe5 Nd5 25. Bxd5 cxd5 26. Rxd5 Rac8 27.
Nb5 Rf8 28. Nd6 Rc7 29. Nf5 Ne6 30. Qe4 b6 31. Nd6 Qc1 32. Red2 Qf1 33. Qe3 Rc5
34. Rxc5 Nxc5 35. Rf2 Qa1 36. Rf4 Ne6 37. Rg4 Qb2 38. c3 Qc2 39. Rg3 Qxa4 40.
Qxb6 Qa3 41. Nc4 Qa1 42. Nxa5 h6 43. Nc6 Ra8 44. Qe3 Qd1 45. Qf3 Ra1 46. Qxd1
Rxd1 47. Rf3 Kf8 48. Kg3 Rd5 49. Re3 Ke8 50. Kf3 Kd7 51. Nb4 Rd1 52. Rd3+ Rxd3+
53. Nxd3 Kc6 54. Ke4 Kb5 55. Kd5 Nc7+ 56. Kd6 Ne6 57. Nb2 1-0

[Event "26. Erfurter Schachfestival 2016 - MT"]
[Site "Erfurt"]
[Date "2016.12.28"]
[Round "4.1"]
[White "Lampert, Jonas"]
[Black "Wöllermann, Jan"]
[Result "1/2-1/2"]
[WhiteElo "2500"]
[BlackElo "2388"]
[PlyCount "99"]
[EventDate "2016.12.26"]
[EventCountry "GER"]

1. d4 Nf6 2. c4 e6 3. g3 d5 4. Nf3 Bb4+ 5. Bd2 Be7 6. Bg2 O-O 7. O-O c6 8. Qc2
Nbd7 9. Bf4 b6 10. Rd1 Bb7 11. Ne5 Nh5 12. Bd2 Nhf6 13. cxd5 cxd5 14. Nc6 Bxc6
15. Qxc6 Rc8 16. Qb5 Ne8 17. Qd3 Nd6 18. Na3 Nb8 19. Rac1 Qd7 20. Bc3 Rc7 21.
f3 Rfc8 22. e4 Nc4 23. Nxc4 Rxc4 24. exd5 exd5 25. f4 Bf6 26. Qe3 g6 27. h3 b5
28. b3 R4c7 29. Kh2 Nc6 30. Bb2 Ne7 31. Rxc7 Rxc7 32. Rc1 Rxc1 33. Qxc1 h5 34.
Qc5 a6 35. Ba3 Qe6 36. Qc7 Nf5 37. Qc3 Bxd4 38. Qd2 Qb6 39. Bxd5 h4 40. g4 Ne3
41. Bg2 Qf6 42. f5 gxf5 43. gxf5 Qe5+ 44. Kh1 Qg3 45. Qe2 Be5 46. Kg1 Qh2+ 47.
Kf2 Bd4 48. Kf3 Qe5 49. Qd3 Bb6 50. Bd6 1/2-1/2

[Event "26. Erfurter Schachfestival 2016 - MT"]
[Site "Erfurt"]
[Date "2016.12.28"]
[Round "4.2"]
[White "Carlstedt, Jonathan"]
[Black "Polster, Christian"]
[Result "1-0"]
[WhiteElo "2412"]
[BlackElo "2242"]
[PlyCount "49"]
[EventDate "2016.12.26"]
[EventCountry "GER"]

1. e4 g6 2. d4 Bg7 3. Nf3 d5 4. exd5 Nf6 5. c4 b5 6. cxb5 Nxd5 7. Nc3 Bb7 8.
Be2 O-O 9. O-O Nd7 10. Ne4 Nb4 11. Bd2 Bxe4 12. Bxb4 Nb6 13. Ne5 Nd5 14. Nc6
Qd7 15. Bc5 Rfe8 16. Re1 Nf4 17. Bf3 Bxf3 18. Qxf3 Ne6 19. Nxe7+ Kh8 20. Qxf7
Nxc5 21. dxc5 Qxb5 22. a4 Qb8 23. Ra3 Qxb2 24. Nxg6+ hxg6 25. Rh3+ 1-0

[Event "26. Erfurter Schachfestival 2016 - MT"]
[Site "Erfurt"]
[Date "2016.12.28"]
[Round "4.3"]
[White "Schmidek, Emil"]
[Black "Brüdigam, Martin"]
[Result "1/2-1/2"]
[WhiteElo "2225"]
[BlackElo "2412"]
[PlyCount "104"]
[EventDate "2016.12.26"]
[EventCountry "GER"]

1. e4 e5 2. Nf3 Nc6 3. Bb5 a6 4. Ba4 Nf6 5. O-O Be7 6. Re1 b5 7. Bb3 d6 8. c3
O-O 9. h3 Na5 10. Bc2 c5 11. d3 Nc6 12. Nbd2 Re8 13. Nf1 h6 14. Ng3 Be6 15. d4
cxd4 16. cxd4 exd4 17. Nxd4 Nxd4 18. Qxd4 Rc8 19. Bd3 Qc7 20. Be3 Qc5 21. a4
Qxd4 22. Bxd4 Bc4 23. Bxc4 Rxc4 24. Nf5 bxa4 25. Bxf6 gxf6 26. Rac1 Rxc1 27.
Rxc1 Bf8 28. Rc4 Re5 29. Rxa4 d5 30. Rxa6 dxe4 31. g4 Bc5 32. Nxh6+ Kh7 33. Nf5
Kg6 34. Kg2 e3 35. fxe3 Bxe3 36. Nxe3 Rxe3 37. Rb6 Rd3 38. h4 Kg7 39. Rb5 Kg6
40. Kf2 Rh3 41. h5+ Kh6 42. b3 Rc3 43. b4 Rc4 44. Kg3 f5 45. gxf5 Kxh5 46. f6+
Kg6 47. Rb6 Kf5 48. Kf3 Rc3+ 49. Ke2 Ke5 50. Kd2 Rf3 51. b5 Kd5 52. Ke2 Rb3
1/2-1/2

[Event "26. Erfurter Schachfestival 2016 - MT"]
[Site "Erfurt"]
[Date "2016.12.28"]
[Round "4.4"]
[White "Barthel, Ansgar"]
[Black "Schmaltz, Roland"]
[Result "0-1"]
[WhiteElo "2213"]
[BlackElo "2487"]
[PlyCount "82"]
[EventDate "2016.12.26"]
[EventCountry "GER"]

1. e4 d6 2. d4 Nf6 3. Nc3 e5 4. dxe5 dxe5 5. Qxd8+ Kxd8 6. Bc4 Ke8 7. Nf3 Bd6
8. O-O a6 9. Re1 Nbd7 10. a4 b6 11. Nh4 g6 12. g3 Bb7 13. f3 c6 14. Ng2 Ke7 15.
Bh6 b5 16. Bf1 Nc5 17. Red1 Ne6 18. Ne2 g5 19. h4 Bc5+ 20. Kh2 g4 21. f4 Ng8
22. Bg5+ f6 23. f5 Nxg5 24. hxg5 fxg5 25. Ne1 Nf6 26. Nd3 Bd6 27. Bg2 c5 28.
axb5 axb5 29. Nc3 c4 30. Ne1 Bc6 31. b3 cxb3 32. cxb3 h5 33. Nc2 b4 34. Na4 h4
35. Nb6 Rxa1 36. Rxa1 Nxe4 37. Nc4 hxg3+ 38. Kg1 Bc5+ 39. Kf1 Rh2 40. f6+ Nxf6
41. Bxc6 Rxc2 0-1

[Event "26. Erfurter Schachfestival 2016 - MT"]
[Site "Erfurt"]
[Date "2016.12.28"]
[Round "4.5"]
[White "Meißner, Felix"]
[Black "Enders, Peter"]
[Result "0-1"]
[WhiteElo "2255"]
[BlackElo "2446"]
[PlyCount "126"]
[EventDate "2016.12.26"]
[EventCountry "GER"]

1. e4 e6 2. d4 d5 3. Nc3 Bb4 4. e5 c5 5. a3 Bxc3+ 6. bxc3 Nc6 7. Nf3 Qa5 8. Bd2
c4 9. Be2 f6 10. O-O Bd7 11. h3 Nge7 12. Qe1 O-O-O 13. Bd1 f5 14. Ng5 Rdf8 15.
f4 h6 16. Nf3 Rfg8 17. Kh1 Be8 18. Rg1 Qa4 19. Be3 Nd8 20. Qd2 Kb8 21. Qc1 Nf7
22. Rb1 Ka8 23. Qb2 Qd7 24. Qc1 Nc6 25. Be2 Qe7 26. Kh2 g5 27. g3 Rh7 28. Bf2
Rhg7 29. Qe3 Nfd8 30. a4 Bh5 31. a5 Nxa5 32. Ra1 Ndc6 33. Qd2 b6 34. Qe3 Qe8
35. Qd2 g4 36. Nh4 gxh3 37. Bxh5 Qxh5 38. Qd1 Qg4 39. Qxg4 fxg4 40. f5 exf5 41.
Be3 Ne7 42. Rgf1 Rf7 43. Rf2 Rg5 44. Raf1 Rh5 45. Bc1 Nac6 46. Ba3 Kb7 47. Rf4
Rxh4 48. gxh4 h5 49. Kg3 Kc7 50. R4f2 Kd7 51. Bc1 Ke6 52. Bf4 Ng6 53. Rb1 Nxf4
54. Kxf4 Rg7 55. Kg3 Ne7 56. Rbf1 Rg8 57. Ra1 Ng6 58. Rff1 f4+ 59. Kh2 Rg7 60.
Ra6 Rf7 61. Rfa1 Nxh4 62. Rb1 Nf3+ 63. Kh1 g3 0-1

[Event "26. Erfurter Schachfestival 2016 - MT"]
[Site "Erfurt"]
[Date "2016.12.28"]
[Round "4.7"]
[White "Taggatz, Mario"]
[Black "Fries-Nielsen, Jens Ove"]
[Result "0-1"]
[WhiteElo "2174"]
[BlackElo "2333"]
[PlyCount "108"]
[EventDate "2016.12.26"]
[EventCountry "GER"]

1. d3 d5 2. f4 e5 3. fxe5 Nc6 4. Nf3 Bg4 5. e3 f6 6. e6 Bxe6 7. Be2 Bc5 8. O-O
Nh6 9. c3 Nf5 10. Nd4 Ncxd4 11. exd4 Bd6 12. Bh5+ g6 13. Qe2 Qe7 14. Bf3 h5 15.
Re1 Kf7 16. Qf2 c6 17. Nd2 g5 18. Nf1 g4 19. Bd1 Qc7 20. g3 Rag8 21. Bf4 Bxf4
22. Qxf4 Qxf4 23. gxf4 h4 24. Rc1 g3 25. Rc2 gxh2+ 26. Kxh2 Bd7 27. Rce2 h3 28.
Rf2 Nh4 29. Ng3 Ng2 30. Rg1 Rh4 31. f5 Rg5 32. b4 Ne3 33. Be2 Nxf5 34. Nxf5
Rxf5 35. Rxf5 Bxf5 36. Rf1 Be6 37. a4 Rh8 38. a5 Rg8 39. Rf2 b6 40. Bh5+ Ke7
41. axb6 axb6 42. Ra2 Kd6 43. Bf3 Bf5 44. c4 Bxd3 45. c5+ bxc5 46. bxc5+ Ke6
47. Kxh3 Rb8 48. Bd1 Rb4 49. Ra4 Rb1 50. Bf3 Be4 51. Be2 Rb2 52. Bh5 Kf5 53.
Ra1 Kf4 54. Rf1+ Kg5 0-1